| 000 | 04790cgm a2200757Ia 4500 | ||
|---|---|---|---|
| 003 | data | ||
| 005 | 20260322212030.0 | ||
| 007 | data | ||
| 008 | data | ||
| 019 |
_a670782667 _a670782667 |
||
| 020 | _a0769729258 | ||
| 020 | _a9780769729251 | ||
| 024 | 1 | _a032031292598 | |
| 028 | 4 | 2 |
_aD2925 _bKultur |
| 037 |
_bMidwest Tapes _nhttp://www.midwesttapes.com |
||
| 040 |
_aTEFMT _beng _cTEFMT _dMTU _dIBI _dOCLCQ _dOCL _dIUI _dBTCTA _dRCS _dWAU _dUPZ _dWAU _dDRB _dYDXCP _dCQU _dOCLCA _dWAU _dOCLCQ _dOCLCA _dTXI _dMTU |
||
| 050 | 1 | 4 |
_aGV1790.N88 _bB27 2004 |
| 082 | 0 | 4 |
_a782.8/42 _222 |
| 090 | _aDVD 782.842 N883 | ||
| 245 | 1 | 4 |
_aThe nutcracker _h[videorecording] / _cPeter Ilich Tchaikovsky ... [et al.]. |
| 260 |
_aWest Long Branch, NJ : _bDistributed by Kultur Video, _aWest Long Branch, NJ : _bDistributed by Kultur Video, _c[2004] |
||
| 300 |
_a1 videodisc (78 min.) : _bsd., col. ; _c4 3/4 in. |
||
| 490 | 1 | _aThe Baryshnikov collection. | |
| 500 | _aOriginally produced for broadcast in the US by CBS on December 16, 1977. | ||
| 505 | 0 | _aOverture -- Introduction/Start of Act I -- March of the wooden soldiers -- 1st doll dance -- 2nd doll dance -- 3rd doll dance -- Nutcracker dance -- Mice & soldiers -- Snowflake's dance -- Overture/Start of Act II -- Spanish dance -- Chinese dance -- Court jester's dance -- Marzipan dance -- Russian dance -- Flower dance -- Sugar Plum Fairy dance -- Finale. | |
| 508 | _aProduction designer, Boris Aronson ; costume designer, Frank Thompson ; director of photography, Larry Boelens ; conductor, Kenneth Schermerhorn ; choreography for "Snowflake" waltz by Vasily Vainonen ; videotape editors, Gary Princz, Max Curtis. | ||
| 511 | 1 | _aMikhail Baryshnikov (Nutcracker/Prince), Gelsey Kirkland (Clara), Alexander Minz (Drosselmeyer), Gayle Young (Mr. Stahlbaum), Sallie Wilson (Mrs. Stahlbaum), Warren Conover (Fritz, Clara's brother), Gregory Osborne (Harlequin), Rebecca Wright (Doll), George De La Pena (Moor), Marcos Paredes (King of mice); featured soloists: Cynthia Harvey, Jolinda Menendez, Rodney Gustafson, Charles Maple, Eric Nesbitt, Clark Tippet, Hilda Morales, Kirk Peterson, Aurea Hammerli, Roman Jasinski, Nanette Glushak, Narie Johansson, Victor Barbee, Richard Schafer; narrator, Norman Rose. | |
| 520 | _aThe chief attraction of this 1977 adaptation is the pairing of Baryshnikov and Kirkland. In consequence, the storyline has been altered to keep Clara and the Nutcracker prince as the focus of the tale. At a Christmas party, Clara is presented with the elegant Nutcracker prince by her doting godfather, Herr Drosselmeyer. A drunken male guest breaks it, and Clara is devastated. That night, Clara dreams about the Nutcracker prince: he comes to life, fights off the Rat King and his minions, and takes her to his kingdom. There she is royally entertained, and they dance together. Shy and diffident Clara longs to remain in the dream world--safe on the brink of adulthood--but her love for her godfather and her family draw her back into the waking world, where adulthood and real romance await her. | ||
| 521 | 8 | _aMPAA rating: Not rated. | |
| 538 | _aDVD; Region 0 (All), NTSC; 5.1 Dolby digital surround, 2.0 Dolby digital stereo; full screen presentation, aspect ratio 1.33:1. | ||
| 650 | 0 | _aBallets. | |
| 650 | 0 |
_aNutcrackers (Implements) _vDrama. |
|
| 650 | 0 |
_aChildren's dreams _vDrama. |
|
| 650 | 0 |
_aBallets _vTelevision adaptations. |
|
| 655 | 7 |
_aChristmas television programs. _2lcgft. |
|
| 655 | 7 |
_aChildren's television programs. _2lcgft. |
|
| 655 | 7 |
_aFantasy television programs. _2lcgft. |
|
| 655 | 7 |
_aCultural television programs. _2lcgft. |
|
| 655 | 7 |
_aTelevision musicals. _2lcgft. |
|
| 655 | 7 |
_aTelevision programs. _2lcgft. |
|
| 655 | 4 |
_aTelevision programs _zUnited States. |
|
| 655 | 7 |
_aFantasy _vFeature. _2migfg. |
|
| 655 | 7 |
_aYouth _vFeature. _2migfg. |
|
| 700 | 1 |
_aTchaikovsky, Peter Ilich, _d1840-1893. _tShchelkunchik. |
|
| 700 | 1 |
_aChase, Lucia, _d1897-1986. _4pro. |
|
| 700 | 1 |
_aSmith, Oliver Lemuel, _d1918-1994. _4pro. |
|
| 700 | 1 |
_aBaryshnikov, Mikhail, _d1948- _4pro. _4dnc _4pro. |
|
| 700 | 1 |
_aBrandt, Yanna. _4pro. _4pro. |
|
| 700 | 1 |
_aKirkland, Gelsey. _4dnc. |
|
| 700 | 1 |
_aMinz, Alexander. _4dnc. |
|
| 700 | 1 |
_aYoung, Gayle. _4dnc. |
|
| 700 | 1 |
_aWilson, Sallie. _4dnc. |
|
| 700 | 1 |
_aConover, Warren. _4dnc. |
|
| 700 | 1 |
_aOsborne, Gregory. _4dnc. |
|
| 700 | 1 |
_aWright, Rebecca, _d1947-2006. _4dnc. |
|
| 700 | 1 |
_aDe la Pena, George. _4dnc. |
|
| 700 | 1 |
_aParedes, Marcos. _4dnc. |
|
| 700 | 1 |
_aRose, Norman, _d1917-2004. _4nrt. |
|
| 700 | 1 |
_aCharmoli, Tony. _4drt. |
|
| 710 | 2 | _aAmerican Ballet Theatre. | |
| 710 | 2 | _aJodav Productions. | |
| 710 | 2 | _aKultur Video. | |
| 730 | 0 | _aNutcracker (Choreographic work : Baryshnikov) | |
| 830 | 0 | _aBaryshnikov collection. | |
| 001 | data | ||
| 999 |
_c699 _d699 |
||